000
00284nam a2200109Ia 4500
001
1272378
005
20260417151427.0
008
260417s9999 xx 000 0 und d
020
_a
9786258486841
245
0
_a
Kulübünüze Üye Olabilir Miyim?
_c
John Kelly
260
_b
Ketebe Çocuk
999
_c
1272378
_d
1272378